00793nam a22002177a 4500010001500000020002600015035001400041037000900055082001200064100002200076245006800098260004300166270007500209300002000284700003100304700002400335700002100359942002600380999001900406952015000425 aENG-143082 a9788196913144c450.00 aEN-126614 bDBAD a006.312 aRamya, P. 975173 aBIG DATA ANALYTICS:bBIG DATA ANALYTICS/cby P. Ramya...[et.al] aTamil NadubShanlax publicationsc2024 a61, 66 T.P.K. Main Road, Vasantha Nagar, bMadurai, Tamil Nadue625003 a174p.c25cm(pb) aBabu, S. Venkatesh 975174 aR, Charanya 975175 aK, Mohan 975176 2ddccENh006.312mRAM c207704d207704 001040708NFICaLbLd2024-12-16eDelivery of Books Divisiong450.00l0o006.312 RAMpEN-126614r2024-12-16 00:00:00t1v450.00w2024-12-16yEN